000
00310nam a2200133Ia 4500
008
240624s9999 xx 000 0 und d
041
_a
eng
082
_a
920 GUL
100
_a
GULZAR MEGHNA
245
_a
BECAUSE HE IS
260
_c
2004
_a
New Delhi
_b
Rupa and Company
300
_a
192 : p.
365
_c
RS
_b
25
999
_c
17562
_d
17562